[Event "Metalska Trgovina CC 90"]
[Site "Ljubljana"]
[Date "2002.01.28"]
[Round "9"]
[White "Jelen, Igor"]
[Black "Beliavsky, Alexander G"]
[Result "0-1"]
[WhiteElo "2374"]
[BlackElo "2649"]
[Annotator "Stohl,I"]
[PlyCount "38"]
[EventDate "2002.01.19"]
[EventType "tourn"]
[EventRounds "11"]
[EventCountry "SLO"]
[EventCategory "11"]
[SourceTitle "CBM 088"]
[Source "ChessBase"]
[SourceDate "2002.03.21"]
[SourceVersion "1"]
[SourceVersionDate "2002.03.21"]
[SourceQuality "1"]

1. d4 {McShane} e6 2. c4 b6 3. e4 Bb7 4. Bd3 f5 5. exf5 Bb4+ (5... Bxg2 {
(McShane) is supposed to be much better for White, as after} 6. Qh5+ g6 7. fxg6
Bg7 8. gxh7+ Kf8 9. Ne2 $1 Bxh1 10. Bg5 Nf6 11. Qh4 {and with the white knight
coming to h5 or g6 via f4, Black is in serious trouble.}) 6. Kf1 Nf6 {McShane:
'Black must play for open lines, rather than material equality.'} 7. Be2 {
'!' McShane. Originally Beliavsky's own idea, but now it's perhaps
undeservedly under a cloud and even it's own inventor is willing to play
against it. McShane: 'A move with a subtle point. After'} ({Certainly a safer
and more circumspect way to aspire for an edge is} 7. Nf3 O-O 8. a3 Bd6 9. Nc3
Qe8 10. Qe2 $5 exf5 11. Qxe8 Nxe8 12. Ke2 Bxf3+ $6 13. Kxf3 Nc6 14. Ne2 a5 15.
g3 Be7 16. Kg2 Nd6 17. Rd1 Kh8 18. Be3 Rab8 19. Rab1 Ne4 20. Bxe4 fxe4 21. Nc3
$16 {Khenkin,I-Bunzmann,D/Bad Wiessee/2000/}) (7. c5 {McShane} bxc5 8. a3 c4 $1
{The bishop can return to d6 without being trapped.} (8... Ba5 {McShane} 9.
dxc5 {with b2-b4 to follow is diastrous for Black.})) 7... O-O 8. c5 bxc5 9. a3
Ba5 (9... c4 {(McShane) is no longer an option with the bishop on e2!
Nevertheless, Black has by now gained a significant lead in development.}) 10.
dxc5 Nd5 $5 {A critical position, where Black must decide between 2 N moves:} (
10... Ne4 11. b4 (11. Nf3 $142 Rxf5 12. b4 Nc6 13. Bb2 $5 $14) 11... Qf6 12.
Ra2 Bd5 13. Rb2 Nc6 14. Nd2 $5 (14. Nf3 Rab8 15. Qc2 (15. fxe6 dxe6 16. h4 Nxc5
17. Qc2 Ne4 18. bxa5 Nd4 19. Qd3 Nb3 20. Rc2 Nbc5 21. Rxc5 Nxc5 22. Qc2 Be4 23.
Qxc5 Rxb1 {0-1,Khenkin,I-Shabalov,A/Koszalin/1999/}) 15... Bxb4 16. axb4 Nxb4
17. Qa4 Na2 $1 18. Rxa2 Rxb1 19. Rc2 Bb3 20. Qxe4 Bxc2 21. Qxc2 Qa1 22. Ne1
Rxc1 23. Qd2 Rxf5 $19 {Johannessen,L-Halkias,S/Linares op/2002/}) (14. bxa5
Rab8 15. Rxb8 Rxb8 16. Bd3 (16. Nd2 $142 Qxf5 $44 {|^}) 16... Qa1 17. Ne2 Bb3
18. Qe1 Nxc5 19. Qd2 Nxd3 20. Qxd3 Ne5 21. Qc3 Qxb1 22. Qxe5 Bc4 23. Qc3 Qa2
24. Qd2 Qxd2 25. Bxd2 Rb1+ 26. Be1 Rb2 27. fxe6 Bxe2+ 28. Kg1 Rb1 {Ippolito,
D-Shabalov,A/Linares op/2000/}) 14... Qd4 (14... Qxf5 $142 $13) 15. Nxe4 Qxe4
16. Nf3 Qxf5 17. h4 $1 Ne5 18. Rh3 Rf7 19. Qd4 Nc6 20. Qc3 e5 21. Be3 Raf8 22.
Ng5 Rf6 23. g4 Qg6 24. h5 {1-0,Berkvens,J-Minnican,A/Cappelle la Grande/2002/})
11. Nf3 (11. b4 $2 Qf6 12. Ra2 Qxf5 13. Bd3 Ba6 $1 {/\} 14. Bxa6 Qxb1 15. Rb2
Ne3+ $1 $19) 11... Qf6 ({The original premiere game went} 11... Rxf5 $143 12.
b4 Nxb4 13. axb4 Bxb4 14. Bb2 a5 15. h4 Rd5 16. Qb3 Na6 17. Nc3 Nxc5 18. Qc2
Rf5 19. Rh3 Qe7 20. Kg1 $14 {/+/-,Beliavsky,A-Short,N/FIEDE WCh Groningen/1997/
}) 12. fxe6 ({A safer way is} 12. Qc2 Nc6 (12... h6 13. h4 c6 14. fxe6 dxe6 15.
Nbd2 Bxd2 16. Bxd2 Nd7 17. Kg1 a5 18. Rf1 a4 19. Rh3 Ba6 20. Bxa6 Rxa6 21. Bc1
Ra5 22. Rg3 $14 {Galianina Ryjanova,J-Matveeva,S/RUS-chW Moscow/1999/}) 13. Bg5
Qxf5 14. Qxf5 Rxf5 15. b4 Ncxb4 16. axb4 Bxb4 17. Bb5 c6 18. Bd3 Rff8 19. Be3
a5 $6 20. Ke2 Nxe3 21. fxe3 Bxc5 22. Rc1 Bb4 23. Nc3 c5 24. Na4 d6 {Kachiani
Gersinska,K-Kengis,E/Berlin/1999/} 25. Ng5 $1 $16) 12... Na6 $5 $146 {[%mdl
136] After this novelty Black's lead in development becomes overwhelming and
his -> is very dangerous. Further greed by White only hastens his decline, but
objectively the whole concept poses a lot of unanswered questions. McShane:
'Black has a significant lead in development. The queenside minor pieces are
better placed than they look, as the knight points at c5, and the bishops both
have useful diagonals.'} (12... c6 $143 $6 13. Nbd2 (13. Qc2 dxe6 14. h4 e5 15.
Nbd2 Bxd2 16. Bxd2 a5 $1 17. Bg5 Qe6 18. Re1 Nd7 19. Rh3 h6 20. Bc1 e4 21. Bc4
Nxc5 22. b4 axb4 23. axb4 Ba6 24. Bxa6 Nxa6 25. Rxe4 Naxb4 $36 {Khenkin,
I-Bunzmann,D/Bad Wiessee op/1998/}) 13... Bxd2 14. Bxd2 dxe6 15. Bg5 Qg6 16.
Qb1 Rf5 17. h4 Qf7 18. Rh3 Ba6 19. Bxa6 Nxa6 20. b4 h6 21. Bd2 Qf6 22. Qe1 Nac7
23. Rc1 Rf8 24. Rc4 e5 25. Re4 $14 {Ellers,H-Bunzmann,D/Fuerth/1998/}) 13. Qc2
{McShane: 'Such positions are very difficult to defend, as the opponent always
has many options that need to be considered. For example, after'} (13. c6 $5
Bxc6 (13... dxc6 14. Bd3 $14) 14. Bxa6 Qxe6 $44) (13. Bc4 $5 {/\} Qxe6 14. b4
Ne3+ 15. Bxe3 Qxc4+ 16. Qe2 $16) (13. Qa4 Nxc5 (13... Rae8 {(McShane)
continuing in 19th century style with} 14. Qxa5 Qxe6 {leads to myriad
complications.}) 14. Qxa5 Nb3 (14... Nxe6 {(McShane) may even be playable.})
15. Qb5 Nxa1 16. Qxb7 Qxe6 $32 {~~}) 13... Rae8 {'!' McShane.} (13... dxe6 $2
14. c6 $16) 14. exd7 Rxe2 $5 {'!' McShane. McShane: 'A sacrifice to win vital
light squares.'} 15. Kxe2 (15. Qxe2 Nxc5 16. Qe8 $5 (16. Bg5 Qg6 $44) 16... Nb6
(16... Nb3 17. Bg5 Qa6+ 18. Kg1 c5 19. Nc3 $1 $16) 17. Bg5 Nbxd7 18. Bxf6 Rxe8
19. Bc3 Bxf3 20. gxf3 Nb3 21. Bxa5 $14) 15... Qe6+ 16. Be3 $2 {[%mdl 8192]
After this mistake the attack crashes through. McShane: 'This simply loses,
but if instead'} (16. Kf1 $8 Qxd7 $44 {/\ McShane: 'White is under huge
pressure. 17...Rxf3 18.gxf3 Qh3+ is certainly a threat, but even after a
natural defensive move like'} (16... Rxf3 17. d8=Q+ Rf8 18. Qxf8+ Kxf8 19. Nc3
$16) 17. b4 $6 (17. Nbd2 {McShane} Nf4 {White's kingside light squares look
like they are caving in. The practical chances are definitely with Black.})
17... Rxf3 $1 18. gxf3 Qh3+ 19. Kg1 (19. Ke1 Ndxb4 20. axb4 Nxb4 21. Qb3+ Bd5
$17) (19. Ke2 Naxb4 $1 20. axb4 Ba6+ $1 21. Ke1 Qxf3 $17) 19... Nc3 20. c6 Bxc6
21. Qxc3 Bxf3 $40) 16... Nf4+ 17. Kd1 $8 (17. Kf1 Bxf3 $19) 17... Be4 $1 (17...
Nxg2 $2 18. Qxh7+ $1 Kxh7 19. Ng5+ $18) 18. Qa4 $8 (18. Bxf4 Bxc2+ 19. Kxc2
Qe4+ $19 (19... Nxc5 $19)) 18... Nxc5 $1 19. Qb5 (19. Qxa5 Qb3+ 20. Ke1 (20.
Kd2 Qd3+ $19) 20... Nxg2+ 21. Kf1 Qd1+ 22. Kxg2 (22. Ne1 Nxe3+ 23. Kg1 Qg4+ $19
) 22... Qxf3+ 23. Kf1 Bd3+ 24. Kg1 (24. Ke1 Qe2#) 24... Qg4#) (19. Nd4 Nxa4 20.
Nxe6 Nxb2+ $1 21. Kc1 Ne2+ 22. Kxb2 Rb8+ 23. Bb6 Rxb6+ 24. Ka2 Bd5#) (19. Bxc5
Bxf3+ 20. Kc1 (20. gxf3 Qe2+ 21. Kc1 Nd3#) 20... Nd3+ 21. Kc2 Qe2+ 22. Kb3
Qxb2+ 23. Kc4 Ne5#) 19... Bd3 (19... Bd3 20. Qxd3 (20. Qxc5 Qb3+ 21. Kc1 Ne2#)
(20. Qxa5 Qb3+ 21. Ke1 Nxg2+ 22. Kd2 Qc2#) 20... Ncxd3 $19) 0-1

[Event "USA-ch"]
[Site "Seattle"]
[Date "2002.01.05"]
[Round "1"]
[White "Kaidanov, Gregory S"]
[Black "Kraai, Jesse"]
[Result "1-0"]
[WhiteElo "2596"]
[BlackElo "2442"]
[Annotator "Stohl,I"]
[PlyCount "63"]
[EventDate "2002.01.05"]
[EventType "swiss"]
[EventRounds "9"]
[EventCountry "USA"]
[SourceTitle "CBM 087"]
[Source "ChessBase"]
[SourceDate "2002.03.21"]
[SourceVersion "1"]
[SourceVersionDate "2002.03.21"]
[SourceQuality "1"]

1. d4 e6 2. c4 b6 3. a3 Bb7 4. Nc3 f5 5. d5 Nf6 6. g3 Na6 7. Bg2 Nc5 8. Nh3 Bd6
9. O-O Be5 10. Qc2 (10. Bd2 Nfe4 $5 11. Nxe4 Nxe4 12. Rb1 O-O 13. Bb4 Re8 14.
f3 Nd6 15. f4 Bf6 16. Bxd6 cxd6 17. e4 Qc7 18. Qd3 Qc5+ 19. Nf2 Rac8 20. b3
fxe4 21. Bxe4 exd5 22. cxd5 h6 23. Rbd1 Qxa3 24. Ng4 Qc5+ 25. Rf2 Qc3 26. Nxf6+
Qxf6 $15 {Rausis,I-Reefat,B/Dhaka/2001/}) (10. Nb5 exd5 $1 $146 11. cxd5 O-O
12. f4 Bd6 13. Nxd6 cxd6 14. Nf2 Qe7 {בe} 15. b4 Nce4 16. Bb2 Nxf2 17. Bxf6
Qxf6 18. Kxf2 Rfe8 19. Qd2 Ba6 20. Bf3 Bc4 21. Rac1 b5 22. Rfd1 Re7 23. Qd4
Qxd4+ 24. Rxd4 Rae8 25. Rdxc4 bxc4 26. Rxc4 Re3 27. a4 Ra3 $132 {Cheparinov,
I-Bojkov,D/BUL-ch Tsarevo/2001/}) 10... O-O 11. Rd1 Qe7 12. Bd2 $5 $146 {
[%mdl 8]} ({Until now in this position White used to play exclusively} 12. Be3
Rab8 (12... c6 13. dxe6 (13. Nf4 $5 $14) 13... dxe6 14. Rac1 Na6 15. b4 c5 16.
Bxb7 Qxb7 17. b5 Nb8 (17... Nc7 $5) 18. Ng5 Qe7 19. Nf3 Nbd7 20. Bg5 Bc7 21. e4
f4 22. gxf4 $6 (22. Qe2 $36) 22... h6 23. e5 hxg5 24. Nxg5 Nxe5 25. fxe5 Bxe5
$132 {Gurevich,M-Bauer,C/Clichy/2001/}) 13. Rac1 Nce4 14. Nxe4 Nxe4 15. Nf4 c5
16. dxc6 Bxc6 17. Nd3 Bf6 18. f3 Nc5 19. b4 Nxd3 20. Rxd3 d5 21. f4 dxc4 22.
Qxc4 Bxg2 23. Kxg2 Rf7 24. b5 Re8 25. Rcd1 e5 $11 {<=>,Kasparov,G-Morozevich,A/
Frankfurt act/2000/}) (12. Rb1 Bxc3 $5 13. Qxc3 exd5 14. cxd5 Qxe2 15. Be3 Nfe4
16. Qd4 Nd6 17. b3 (17. Nf4 $142 $44) 17... Qh5 18. b4 Nce4 19. a4 Qf7 20. Rbc1
Rac8 21. Nf4 Rfd8 22. a5 Ba6 23. Qa1 Bc4 $15 {Gurevich,D-Kraai,J/USA-ch
Seattle/2002/}) 12... c6 (12... Nfe4 13. Nxe4 Nxe4 (13... fxe4 14. Be3 exd5 15.
cxd5 Rae8 16. Rac1 $36) 14. Bf4 $14) (12... a5 $5 $13 {/\a4}) 13. dxe6 (13. Nf4
cxd5 14. cxd5 Rac8 $13) 13... dxe6 14. Rab1 Rad8 $6 {By the next few seemingly
active moves Black in fact only loses time and allows his forces to be pushed
back.} (14... Na6 $142 15. Nf4 (15. b4 c5 $11) 15... Rae8 (15... Bxf4 16. Bxf4
e5 17. Bg5 $14) 16. b4 (16. Qa4 Nc5 17. Qxa7 $2 Ra8 18. Qxb6 Bc7 19. Qb4 Ba5
$19) 16... c5 $5 $132 {/\} 17. Nxe6 Bxg2 18. Nxf8 Bh3 $15) 15. b4 Na6 16. Nf4
Bd4 (16... Bd6 $142 17. Qb3 Rfe8 $14) 17. e3 Be5 (17... Bxc3 18. Bxc3 e5 19.
Nd3 e4 20. Ne5 c5 21. Qa4 $36) 18. Nd3 Bb8 19. c5 $1 $16 {[%csl Rb7] ()<<,ץb7}
e5 (19... bxc5 20. bxc5 (20. Nxc5 $6 Nxc5 21. bxc5 Ba6 $132) 20... Rf7 21. Ne2
$16 {[%cal Rd2a5,Gb1b8] <->b,/\Ba5}) 20. e4 Bc8 (20... bxc5 21. bxc5 (21. exf5
$5 $16) 21... Bc8 22. Bg5 $36) 21. cxb6 $1 axb6 {[%csl Rb6,Rc6] ><c6,b6} 22.
Bg5 (22. Be3 $16) 22... Kh8 (22... h6 23. Be3 Bc7 (23... Qc7 24. Qb3+ Kh8 25.
b5 $40 {+-}) 24. exf5 Bxf5 25. Bxc6 $16) 23. exf5 Bxf5 24. Ne4 $1 $40 {[%mdl
128] White chooses a clean positional solution instead of immediate material
gains. The >>-> is a much cleaner way to convert the positional advantage,
Black's Bb8 and Na6 contribute nothing to the defence.} (24. Bxc6 Rc8 $14)
24... Rc8 25. Rbc1 Qa7 $6 {With even the Q misplaced the -> will break through
quickly.} (25... h6 26. Bxf6 gxf6 27. Qe2 Kg7 28. Nb2 $5 b5 29. Nd3 $16 {
[%csl Rc5,Rg7] ><c5,Kg7}) 26. Bxf6 gxf6 27. Qe2 c5 (27... Be6 $142 28. f4 $5
exf4 29. Nxf4 Bxf4 30. gxf4 $40) 28. b5 $18 Bxe4 (28... Nc7 29. Nd6 $18) 29.
Bxe4 Nc7 30. Nxe5 $1 Nxb5 (30... fxe5 31. Rd7 Nxb5 32. Qg4 $1 $18) 31. Rd7 Rc7
32. Nf7+ $1 (32. Nf7+ Rxf7 (32... Kg8 33. Qg4#) 33. Rd8+ Kg7 34. Qg4+ Kh6 35.
Qh4+ Kg7 36. Qxh7#) 1-0

[Event "MK Cafe Cup-A"]
[Site "Koszalin"]
[Date "1999.08.05"]
[Round "3"]
[White "Socko, Monika"]
[Black "Shabalov, Alexander"]
[Result "0-1"]
[WhiteElo "2438"]
[BlackElo "2566"]
[Annotator "Stohl,I"]
[PlyCount "78"]
[EventDate "1999.08.03"]
[EventType "swiss"]
[EventRounds "9"]
[EventCountry "POL"]
[SourceTitle "CBM 073"]
[Source "ChessBase"]
[SourceDate "1999.12.01"]
[SourceVersion "1"]
[SourceVersionDate "1999.12.01"]
[SourceQuality "1"]

1. d4 g6 2. c4 Bg7 3. Nc3 c5 4. d5 Bxc3+ $5 5. bxc3 f5 {This line is a good
choice against less experienced opponents. Although giving up a fiancettoed B
is undoubtedly risky, White must play very energetically to exploit the
ensuing dark-square weakness. Otherwise he might become just saddled with the
doubleP and no activity as in some Nimzo-Indian lines.} 6. h4 {[%csl Gc1,Gf1]
White's plan has to be opening up the play for his ^^ and getting at Black's K.
} ({Apart from the text move other tries in this direction are} 6. e4 $5 fxe4
7. f3 $5 (7. h4 Qa5 (7... Nf6 8. h5 Rg8 9. hxg6 hxg6 10. d6 $5 (10. Bg5 $143 $6
d6 11. Ne2 Nbd7 12. Ng3 Ne5 13. Bxf6 exf6 14. Nxe4 f5 15. Nd2 Qe7 16. Be2 f4
17. Ne4 Bf5 18. Rh7 Nf7 19. Qa4+ Kf8 20. f3 g5 21. Rh1 Bxe4 22. fxe4 Qxe4 23.
O-O-O Qxe2 24. Rde1 Qd3 25. Qd7 Qxc3+ 26. Kb1 Rh8 $19 {Arbakov,V-Nesterov,J/
Tiraspol/1994/}) 10... exd6 11. Bf4 (11. Bg5 Qe7 12. Rh4 d5 13. cxd5 d6 14.
Bxf6 Qxf6 15. Rxe4+ Kd8 16. Qf3 Nd7 17. O-O-O Rf8 18. Qxf6+ Nxf6 19. Ree1 Bg4
20. Be2 Bxe2 21. Rxe2 Kd7 22. c4 Rae8 23. Rde1 Rxe2 24. Rxe2 Ng4 25. f3 Ne5 26.
Re4 a6 $15 {Schwalfenberg,J-Sokolovs,A/BL2-S/1995/}) 11... Nc6 (11... d5 $142
$5 $13) 12. Bxd6 Qa5 13. Rc1 b6 14. g4 Kd8 15. g5 Ne8 16. Qd5 Nxd6 17. Qxg8+
Kc7 18. Rh7 Qxa2 19. Rd1 e3 20. fxe3 Ne4 21. Ne2 Nxg5 22. Rg7 Nf3+ 23. Kf2 Nfe5
24. Bh3 Rb8 25. Qd5 Kb7 26. Rd2 Qxc4 27. Bxd7 $1 $16 {Kishnev,S-Bischoff,K/
SWZ-ch int/1992/}) 8. h5 Qxc3+ 9. Bd2 Qg7 10. Nh3 $5 (10. Ne2 d6 (10... Nf6 11.
Ng3 d6 12. Bc3 Bf5 13. Be2 O-O 14. hxg6 hxg6 15. Qd2 Nbd7 16. Nf1 Ne5 17. Ne3
Bd7 18. Qb2 Nh5 19. Bxe5 Qxe5 20. Qxe5 dxe5 21. Bxh5 gxh5 22. Rxh5 e6 23. dxe6
Bxe6 24. Rxe5 Rf6 25. Rxe4 $16 {Bozinovic,B-Susnjar,M/CRO-chT2 Medulin/ 1997/})
11. Bc3 Nf6 12. Rb1 Nbd7 13. Ng3 Ne5 14. Be2 O-O 15. Rb3 e3 16. fxe3 Nxh5 17.
Nxh5 gxh5 18. Rxh5 {Greenfeld,A-Har Zvi,R/Israel-chT/1997/} Qxg2 $40) 10... d6
11. Ng5 Nf6 12. h6 Qf8 13. Bc3 $44 {|^Har Zvi}) 7... Qa5 (7... Nf6 8. fxe4 d6
9. Bd3 e5 10. Qa4+ Bd7 11. Qc2 Na6 12. Nf3 Qe7 13. O-O h6 14. Rb1 O-O-O 15. Qb3
b6 16. a4 Be8 17. a5 Nd7 18. Rf2 Kb7 19. axb6 axb6 20. Qb5 Nb4 21. Rxb4 {
1-0,Gonzalez Velez,F-Fernandez Lopez,F/ESP-ch Palencia/1999/}) ({Accepting the
sacrifice is very risky:} 7... exf3 $6 8. Nxf3 d6 9. Bd3 Qa5 10. Qc2 Nf6 11.
O-O Nbd7 12. Bf4 Kd8 13. Ng5 Kc7 14. Rae1 Ne5 15. Bxe5 dxe5 16. Rxe5 Bd7 17.
Rxe7 Rae8 18. Rxf6 {1-0,Alcala Valiente,J-Bosch,D/Terrassa/1996/}) 8. Qc2 d6 9.
fxe4 Nf6 10. Nf3 Nbd7 11. Bd3 Ne5 12. Nxe5 dxe5 13. O-O Qb6 14. Qf2 Qd6 15. Bh6
Rg8 16. Bg5 Rf8 17. Qh4 Bd7 18. Rf3 O-O-O 19. Raf1 Qa6 20. Bxf6 Rxf6 21. Qxh7
$16 {Kraai,J-Rey,G/San Francisco/1999/}) ({Rather slow seems} 6. Nf3 d6 7. g3
Qa5 8. Qb3 Nf6 9. Bg2 Nbd7 10. O-O (10. Bh6 Rg8 11. O-O Nb6 12. h4 $6 Bd7 13.
Nd2 Ba4 14. Qb2 Qa6 15. Rfe1 O-O-O 16. e4 fxe4 17. Bxe4 Nxc4 18. Nxc4 Qxc4 19.
Qe2 Qxe2 20. Rxe2 Bb5 21. Ree1 Bc4 $17 {Coutton,S-Guyot,P/Cannes/1996/}) 10...
Nb6 11. Bh6 Rg8 $142 $5 $13 (11... Ne4 12. Nd2 $1 Nxd2 13. Bxd2 Qa4 14. Rfe1
Qxc4 15. e4 fxe4 16. Bxe4 (16. Rxe4 $5 $36) 16... Qxb3 17. axb3 Kf7 18. c4 Nd7
19. Re3 Nf6 20. Bg2 Bd7 21. h3 h5 22. Bc3 $44 {Gurevich,M-Huzman,A/Wijk aan
Zee/1993/})) ({On the other hand, Black usually has good counterchances after
the wild} 6. g4 fxg4 (6... Qa5 $5 $132) 7. h3 (7. e4 d6 8. h3 Nf6 9. hxg4 Bxg4
10. f3 Bh5 11. Nh3 Qa5 12. Ng5 Qxc3+ 13. Bd2 Qe5 14. Rh3 O-O 15. Qb1 Nxe4 $1
16. Nxe4 Bxf3 17. Bd3 Nd7 18. Bc3 Qf4 19. Rxf3 Qxf3 20. Qd1 Qf4 21. Qe2 Ne5 22.
Kd1 Nxd3 23. Qxd3 Qg4+ $19 {Anastasian,A-Maiwald,J/Budapest FSGM/1999/}) 7...
g3 8. fxg3 d6 9. e4 Qa5 10. Qb3 Nd7 11. Nf3 Ngf6 12. Bd3 b5 13. cxb5 Nb6 14.
Nd2 O-O 15. Bb2 a6 16. a4 c4 17. Bxc4 Nxc4 18. Nxc4 Qd8 19. Nd2 axb5 20. axb5
Rxa1+ 21. Bxa1 Qa5 22. Bb2 Bd7 23. c4 Nxe4 24. Qe3 Qb4 25. Ba3 Qa5 26. Bb2 Qb4
27. Ba3 Qa5 {1/2,Husari,S-Belotelov,D/Budapest FSIM/1999/}) 6... Nf6 7. h5 Rg8
8. hxg6 hxg6 9. Nf3 (9. Qc2 d6 10. Nf3 Nbd7 11. Bf4 Qa5 12. Ng5 Nb6 13. e3 Na4
(13... Bd7 14. Bd3 O-O-O 15. f3 Rde8 16. Kf2 Qa4 17. Rac1 Qxc2+ 18. Rxc2 $13 e5
$2 19. dxe6 Bxe6 20. Bxd6 Nfd7 21. Nxe6 Rxe6 22. Bf4 Ne5 23. Bf1 Nbxc4 24. Rh7
Nd6 25. Rd2 Rd8 26. Rd5 $16 {Altukhov,S-Tkaczuk,R/Aschach/1996/}) 14. Rc1 b5
15. Qd2 bxc4 16. f3 Rb8 17. e4 Rb2 18. Qe3 Nb6 19. Nh7 Nh5 20. Bxd6 exd6 21.
Rxh5 gxh5 22. Nf6+ Kd8 23. Nxg8 Qxa2 {Bacrot,E-Speelman,J/Elista olm/1998/} 24.
Qf4 Kc7 25. Nf6 $44 {|^}) 9... d6 10. Ng5 Qa5 11. Qc2 Nbd7 12. f4 $2 {[%mdl
16384] Limiting the scope of the Bc1 is a serious strategical mistake.} (12.
Bf4 $142 Nb6 13. e3 $13 {-9.Qc2 see above.}) (12. Ne6 Ne5 13. Rb1 Bxe6 14. dxe6
O-O-O $15) 12... Nb6 13. e3 {[%csl Rc1] White is forced to make this passive
move, while Black can calmly continue his plans.} (13. e4 fxe4 {[%cal Rc8f5] /
\Bf5-/+}) 13... Bd7 14. Bd2 O-O-O 15. Be2 (15. e4 $6 fxe4 16. Nxe4 Bf5 17. Bd3
Bxe4 18. Bxe4 Nxc4 $17 {/-+}) 15... Rde8 16. Qd3 Qa4 $17 17. O-O {Black has
achieved a strategically ideal position, but how to make progress against
White's passive defence? The answer is clear-he has to open the position. As
the Bd2 isn't so threatening anymore White doesn't gain sufficient <=>.} Kc7 $1
{[%mdl 32] /\e6. From now on the game is a strategic exhibition, crowned by a
tactical finish.} 18. Rfd1 e6 19. Be1 (19. dxe6 Bxe6 20. Be1 Qd7 21. Nxe6+ Qxe6
22. Bf2 Ne4 $17 {/-+} (22... g5 $5) (22... Ng4 $5)) 19... exd5 20. cxd5 Ne4 $5
{Black doesn't want to allow any counterplay. Also possible was} (20... Nfxd5
21. c4 Rxe3 (21... Nxe3 22. Qxd6+ Kc8 23. Qxc5+ Qc6 $17) 22. Qd2 Rxe2 23. Qxe2
Nxf4 24. Qd2 Qxc4 $17) 21. c4 (21. Nxe4 fxe4 $5 (21... Qxe4 22. Qxe4 Rxe4 23.
Bf2 $17) 22. Qb1 g5 $17 {->}) 21... Nxg5 22. fxg5 Re4 {[%csl Rc4,Re3] ><c4,e3}
23. Rdc1 Rge8 24. Bf2 f4 $1 25. Bd1 (25. Bf3 $142 Rxc4 26. Rxc4 Qxc4 (26...
Nxc4 27. exf4 Bf5 $17) 27. Qxc4 Nxc4 28. exf4 Nd2 $17) 25... Qa6 26. exf4 Bf5
$40 {[%cal Re4e1] /\Re1} 27. Qc3 Rxc4 28. Qg7+ Nd7 29. Bf3 (29. g4 Bd3 $17 (
29... Rxf4 30. gxf5 Re5 $5 {/\} (30... Re1+ 31. Bxe1 Qf1+ 32. Kh2 Qxe1 33.
Qxd7+ $1 Kxd7 34. Ba4+ $18) 31. Rab1 Rexf5 32. Be2 $5 Rxg5+ $1 33. Kf1 Qa4 $40)
) 29... Rxf4 30. Bg3 Qa4 $5 (30... Ra4 $2 31. Rxc5+ $13) (30... Rc4 $17) 31.
Bxf4 Qxf4 32. Re1 (32. Qc3 Ne5 $19 {->}) 32... Re3 $1 33. Rf1 $138 (33. Rxe3
Qxe3+ 34. Kh2 c4 $19 {o^c}) 33... Qxg5 34. Rae1 Qf4 $19 35. Rd1 Re5 (35... Qe5
$5 $19) 36. Rfe1 Kb6 $6 (36... Bc2 $142) 37. Rb1+ Kc7 (37... Bxb1 $2 38. Rxb1+
Kc7 39. Rxb7+ $1 Kxb7 40. Qxd7+ Kb6 41. Qxd6+ Kb5 42. Qb8+ Kc4 43. Qb3+ Kd4 44.
Qb2+ Kd3 45. Qb3+ $11) 38. Rbd1 Bc2 39. Rc1 $2 (39. Rxe5 $8 Qxe5 (39... Bxd1 $2
40. Re7 $36) 40. Qxe5 Nxe5 41. Rc1 Bd3 {[%cal Yb7b5,Yc5c4,Yc7b6,Yb6c5] /\b5,c4,
Kb6-c5-+etc.}) 39... Qd4+ (39... Qd4+ 40. Kh2 Rh5+ 41. Bxh5 Qxg7 $19) 0-1